Out of the attic / (Record no. 2466)

MARC details
000 -LEADER
fixed length control field 00669nam a22002177a 4500
005 - DATE AND TIME OF LATEST TRANSACTION
control field 20260122084157.0
008 - FIXED-LENGTH DATA ELEMENTS--GENERAL INFORMATION
fixed length control field 260122b |||||||| |||| 00| 0 eng d
020 ## - INTERNATIONAL STANDARD BOOK NUMBER
International Standard Book Number 978-1-9821-1441-1
082 ## - DEWEY DECIMAL CLASSIFICATION NUMBER
Classification number Fic. An571 2020
100 ## - MAIN ENTRY--PERSONAL NAME
Personal name Andrews, Virgina C.
9 (RLIN) 72
245 ## - TITLE STATEMENT
Title Out of the attic /
Statement of responsibility, etc. V. C. [Virginia C.] Andrews
260 ## - PUBLICATION, DISTRIBUTION, ETC.
Place of publication, distribution, etc. New York:
Name of publisher, distributor, etc. Gallery Books,
Date of publication, distribution, etc. c2020
300 ## - PHYSICAL DESCRIPTION
Extent [326]p.
490 ## - SERIES STATEMENT
Series statement The Dollanganger family series,
International Standard Serial Number 10
541 ## - IMMEDIATE SOURCE OF ACQUISITION NOTE
Accession number 7843 c.1
650 ## - SUBJECT ADDED ENTRY--TOPICAL TERM
Topical term or geographic name entry element Dysfunctional families - Fiction
9 (RLIN) 73
650 ## - SUBJECT ADDED ENTRY--TOPICAL TERM
Topical term or geographic name entry element Family secrets - Fiction
9 (RLIN) 74
650 ## - SUBJECT ADDED ENTRY--TOPICAL TERM
Topical term or geographic name entry element Domestic fiction
9 (RLIN) 75
650 ## - SUBJECT ADDED ENTRY--TOPICAL TERM
Topical term or geographic name entry element Suspense - Fiction
9 (RLIN) 76
650 ## - SUBJECT ADDED ENTRY--TOPICAL TERM
Topical term or geographic name entry element Mothers - Fiction
9 (RLIN) 77
Holdings
Withdrawn status Lost status Source of classification or shelving scheme Damaged status Not for loan Home library Current library Date acquired Total Checkouts Full call number Barcode Date last seen Copy number Price effective from Koha item type
    Dewey Decimal Classification     ctu-moalboal ctu-moalboal 05/27/2024   Fic. An571 2020 7843 01/22/2026 1 01/22/2026 Books-Fiction